| 000 | 00454nam a22001937a 4500 | ||
|---|---|---|---|
| 003 | MPLRDC | ||
| 005 | 20220104143639.0 | ||
| 008 | 210129b ||||| |||| 00| 0 eng d | ||
| 020 | _a957-486-064-7 | ||
| 082 | _a857.7 LMQH v.865 | ||
| 100 | _a岁月 著 | ||
| 245 |
_a飞上枝头变鸟鸦 _c |
||
| 250 | _a初版 | ||
| 260 |
_a _b新月文化 _c1999 |
||
| 300 | _b平 | ||
| 490 | _a浪漫情怀; 865 | ||
| 650 | _a | ||
| 942 |
_cBK _o857.7 LMQH v.865 |
||
| 999 |
_c41962 _d41952 |
||